Quizzes
Events
Quiz Creation
Community
Videos
Private Events
Remove Ads
Sign In
Join for FREE
Feedback
Dark Mode
Quiz Categories
Sports
Geography
Music
Movies
Television
Just For Fun
Miscellaneous
History
Literature
Language
Science
Gaming
Entertainment
Religion
Holiday
For Kids
Quiz Lab
Recent
Popular Today
Quiz Kudos Today
Editor Picks
Curator Picks
Quizzes by...
Day
Popularity
Type
Ratings
Length
Year
Community
Subscriptions
Recent Discussions
Orange Saloon
Badges
Playlists
Quests
Create
Leaderboards
Showdown
Live 5
Trivia Bingo
Activity
Puzzle Library
Sporcle Events
Private Events
Virtual Trivia
Globe League
Become a Host
Pub Owners
SporcleCon
Opinionation
Our Games
Videos
Blog
Mobile Apps
Partnerships
Remove Ads and Go Orange
Feedback
Miscellaneous
Crossword
General Knowledge
Baby Names
Logo
Food
Cars
Numbers
Grab Bag
University
College
Popular
Company
Slogans
Restaurants
Justice
Letter
Miscellaneous
Crossword
General Knowledge
Baby Names
Logo
Food
Cars
Numbers
Grab Bag
University
College
Popular
Company
Slogans
Restaurants
Justice
Letter
Random Quiz
Search Sporcle
×
Quiz Lab
Quiz Lab
Miscellaneous
Football
Type in answers that appear in a list
Type in answers that appear in a list
Classic
Best Score? Go Orange.
British Cabinet October2011 Stats
Can you name the Members of the British Cabinet (October 2011)?
By
teamchuck
10m
23 Questions
23 Plays
23 Plays
23 Plays
Comments
Comments
Give Quiz Kudos
Give Quiz Kudos
-
- Ratings
hide this ad
Replay
Link that replays current quiz
Next Quiz
Link to next quiz in quiz playlist
You Got
0%
They Got
Avg Score
61%
Avg Friend Score
Upgrade to see
Score Distribution
Jump to the score distribution portion of the page
Score
0/23
Timer
10:00
0
Plays Today
Position
Name
% Correct
Prime Minister
David Cameron
95.7%
Deputy Prime Minister
Nick Clegg
95.7%
Chancellor of the Exchequer
George Osborne
95.7%
First Secretary of State/
Secretary of State for Foreign Affairs
William Hague
91.3%
Secretary of State for the Home Department
Theresa May
91.3%
Secretary of State for Business
Vince Cable
91.3%
Secretary of State for Education
Michael Gove
78.3%
Lord Chancellor/
Secretary of State for Justice
Ken Clarke
73.9%
Secretary of State for Work and Pensions
Iain Duncan Smith
73.9%
Secretary of State for Defence
Philip Hammond
65.2%
Secretary of State for Energy and Climate Change
Chris Huhne
60.9%
Chief Secretary to the Treasury
Danny Alexander
60.9%
Position
Name
% Correct
Secretary of State for Health
Andrew Lansley
56.5%
Secretary of State for Communities and Local Government
Eric Pickles
56.5%
Secretary of State for Culture
Jeremy Hunt
52.2%
Secretary of State for International Development
Andrew Mitchell
43.5%
Secretary of State for Scotland
Michael Moore
39.1%
Secretary of State for Environment
Caroline Spelman
34.8%
Secretary of State for Transport
Justine Greening
30.4%
Secretary of State for Northern Ireland
Owen Paterson
30.4%
Secretary of State for Wales
Cheryl Gillan
30.4%
Minister without Portfolio
Baroness Warsi
30.4%
Leader of the House of Lords
Lord Strathclyde
26.1%
Quiz Playlist
Details
Report
Send in Message
Add To Playlist
Classic:
Type in answers that appear in a list
Last Updated: Feb 16, 2017
Quiz Scoreboard
CHALLENGE
Sign Up to Join the Scoreboard
Show All
Scores
Hide
Comments
May contain spoilers
Recently Published
Billboard Blitz: Fleetwood Mac
by CooCooCachoo
Music
15s
Presidents Visiting Landmarks
by Hejman
History
7m
An Introduction to Baseball
by treessimontrees
Sports
5m
More to Explore
Quiz From the Vault
Featured Blog Post
Where Did the Easter Bunny Come From?
hide this ad
You Might Also Like...
Tags
Football Quiz
2011
British
British Cabinet
Cabinet
October
Today's Top Quizzes in Miscellaneous
Browse Miscellaneous
hide this ad
Today's Top Quizzes in Football
Browse Football
Top Contributed Quizzes in Miscellaneous
1
5-to-1: Fast Food
2
The JOE quick-fire general knowledge quiz: Day 174
3
The JOE quick-fire general knowledge quiz: Day 173
4
5-to-1: Cocktails
5
The JOE quick-fire general knowledge quiz: Day 172
6
Sunday Crossword: Famous Bodies of Water
7
One Thing in Common: United Kingdom II
8
The JOE quick-fire general knowledge quiz: Day 171
9
Named After an Animal - Odd One Out!
10
The JOE quick-fire quiz: Day 170
Explore More
Trending Topics
Harry Potter
Disney
Anime
NBA
Crossword
Kpop
Marvel
Song
The Office
Pokémon
Soccer
WWE
Country
Puzzle
NFL
hide this ad
More By:
teamchuck
Quiz
Plays
Rating
Category
Featured
Created
British Cabinet October2011
23
Miscellaneous
Oct 24, 2011
Go to Creator's Profile
Score Distribution
Quiz Creator Spotlight
teamchuck
Follow
Send a Message
Quizzes Created
-
Created Quiz Play Count
-
More By This Creator
Popular Quizzes Today
1
Find the US States - No Outlines Minefield
2
Find the Countries of Europe - No Outlines Minefield
3
The Countries of the World
4
Find the US States
5
US States
6
Risky Map Clicking: Biggest States A-Z
7
Popular People in 1961
8
Movies - When Are They Set?
More Miscellaneous Quizzes
Click a Dave
Published
Trending Quizzes
Risky Map Clicking: Least Populous States A-Z
1-10 Letter G Words
1-10 Letter F Words
Risky Map Clicking: Next State Alphabetically
Risky Map Clicking: Biggest States A-Z
Recently Updated
Leaping Animals
pecheneg
Reality TV Shows (A-Z)
bhenderson79
Rickey Henderson's Hall of Fame Teammates
pecheneg
Champions League XIs: Arsenal
pecheneg
Quick Pick: Celebrities in WWE's Hall of Fame
aduchscher
A-Z Keypad Blitz II
pecheneg
Multiple Oscar Actors
pecheneg
Mystery Phrase Blitz: Oscar 'Best Actors'
pecheneg
F. Scott Fitzgerald Novels
LTH
Pick 3 Villains
ddd62291
Trending Topics
Marvel
Kpop
NBA
Disney
Harry Potter
Anime
Crossword
NFL
Pokémon
WWE
The Office
Puzzle
Song
Country
Soccer
Your Account Isn't Verified!
In order to create a playlist on Sporcle, you need to verify the email address you used during registration. Go to your
Sporcle Settings
to finish the process.
Report this User
Report this user for behavior that violates our
Community Guidelines
.
Details:
Send Report
Go to the Sporcle.com Mobile Site →
Comments